000 nam a22 7a 4500
999 _c9218
_d9218
008 180124b ||||| |||| 00| 0 eng d
100 _aCBSE
_95476
245 _aPhysics Science - X
260 _aNew Delhi
_bRachna Publication
_c2008